[Event "6th EICC"]
[Site "Warsaw POL"]
[Date "2005.06.30"]
[Round "12"]
[White "Potkin,V"]
[Black "Gajewski,G"]
[Result "1/2-1/2"]
[WhiteElo "2552"]
[BlackElo "2396"]
[EventDate "2005.06.18"]

1. e4 e5 2. Nf3 Nf6 3. Nxe5 d6 4. Nf3 Nxe4 5. Nc3 Nxc3 6. dxc3 Nc6 7. Be3
Be7 8. Qd2 Be6 9. O-O-O a6 10. Be2 Qd7 11. Rhe1 O-O-O 12. Ng5 Bxg5 13. Bxg5
f6 14. Bf4 Rde8 15. b3 Ne5 16. Bf1 Re7 17. a4 Rhe8 18. f3 Bf5 19. Bg3 Qc6
20. Kb2 Nd7 21. c4 Rxe1 22. Rxe1 Rxe1 23. Qxe1 Ne5 24. a5 Bg6 25. Qe3 Qe8
26. Qd2 Qe6 27. Qe2 Qf5 28. Be1 Qf4 29. h3 Kd7 30. Bd2 Qf5 31. Bc3 Qf4 32.
Bd2 Qf5 33. Bc3 Qf4 34. Qf2 c5 35. Qd2 Qxd2 36. Bxd2 Nc6 37. Bc3 Kc7 38.
Be2 b6 39. axb6+ Kxb6 40. Be1 Nb4 41. Bd1 Kc7 42. Bg3 a5 43. Bf4 Kc6 44.
Bd2 Bf5 45. g4 Bg6 46. Bc3 h6 47. f4 Be4 48. g5 hxg5 49. fxg5 fxg5 50. Bxg7
Bf5 51. Bg4 Bxc2 52. Bf6 d5 53. Bxg5 a4 54. cxd5+ Kxd5 55. bxa4 Bxa4 56.
Bf5 Ke5 57. Bg6 Bc6 58. h4 Be4 59. Bf7 Bd5 60. Be8 Bc6 61. Bg6 Be4 62. h5
Bxg6 63. hxg6 Ke6 1/2-1/2

[Event "6th EICC"]
[Site "Warsaw POL"]
[Date "2005.06.30"]
[Round "12"]
[White "Mastrovasilis,A"]
[Black "Kurnosov,I"]
[Result "1-0"]
[WhiteElo "2473"]
[BlackElo "2550"]
[EventDate "2005.06.18"]

1. d4 Nf6 2. Nf3 g6 3. g3 Bg7 4. Bg2 O-O 5. O-O d6 6. a4 a5 7. Nc3 Na6 8.
e4 Nb4 9. h3 e5 10. d5 c6 11. Ne1 cxd5 12. exd5 Bf5 13. Nb5 Be4 14. Bg5
Bxg2 15. Nxg2 Qd7 16. Bxf6 Bxf6 17. c3 Na6 18. Qg4 Qd8 19. Ne3 Nc7 20. Nxc7
Qxc7 21. Qc4 Qd7 22. Qg4 Qe7 23. Rae1 Bg7 24. f4 f5 25. Qf3 Rae8 26. Nc4
Qc7 27. b3 Qc5+ 28. Qf2 Qxf2+ 29. Kxf2 exf4 30. gxf4 Bxc3 31. Rxe8 Rxe8 32.
Nxd6 Rd8 33. Nb5 Bb4 34. Rd1 Kf7 35. Kf3 Ke7 36. h4 h5 37. Rg1 Rxd5 38.
Rxg6 Rd3+ 39. Ke2 Rxb3 40. Rg7+ Kf6 41. Rxb7 Rh3 42. Nc7 Rh2+ 43. Kf3 Rd2
44. Rb5 Rd3+ 45. Ke2 Rd2+ 46. Kf3 Rd3+ 47. Ke2 Rd2+ 48. Ke3 Rb2 49. Nd5+
Ke6 50. Nxb4 axb4 51. Kd4 Rd2+ 52. Kc5 Rc2+ 53. Kb6 Kd6 54. Rxb4 Rc6+ 55.
Kb7 Rc7+ 56. Ka6 Rc8 57. a5 Ra8+ 58. Kb5 Kc7 59. a6 Rd8 60. Kc5 Rd1 61.
Rb7+ Kc8 62. Rh7 Kb8 63. Rxh5 Ra1 64. Kd5 Rxa6 65. Rxf5 Rh6 66. h5 Kc7 67.
Ke4 Kd7 68. Re5 Kd6 69. Kf3 Rh8 70. Kg4 Rg8+ 71. Rg5 Rh8 72. Rg7 Ke6 73.
Kg5 Rf8 74. Rg6+ Ke7 75. h6 Rh8 76. Rg7+ 1-0

[Event "6th EICC"]
[Site "Warsaw POL"]
[Date "2005.06.30"]
[Round "12"]
[White "Gaprindashvili,V"]
[Black "Lupulescu,C"]
[Result "0-1"]
[WhiteElo "2415"]
[BlackElo "2546"]
[EventDate "2005.06.18"]

1. d4 Nf6 2. c4 g6 3. Nc3 d5 4. Bg5 Ne4 5. Bh4 Nxc3 6. bxc3 c5 7. cxd5 Qxd5
8. e3 Bg7 9. Nf3 cxd4 10. cxd4 Nc6 11. Be2 e5 12. dxe5 Qa5+ 13. Qd2 Qxd2+
14. Kxd2 Nxe5 15. Rab1 Nc6 16. Rhc1 O-O 17. Ke1 h6 18. Nd2 Ne5 19. f4 Ng4
20. Rxc8 Rfxc8 21. Bxg4 Rc2 22. Rxb7 Bc3 23. Rd7 g5 24. fxg5 Rxd2 25. Rxd2
Rd8 26. Kf1 Rxd2 27. Be1 Rc2 28. Bd1 Rc1 29. Bxc3 Rxd1+ 30. Ke2 Rg1 31. Kf3
hxg5 32. g3 Kh7 33. h4 gxh4 34. gxh4 Kg6 35. Bd4 a6 36. e4 Rd1 37. Bc5 Kh5
38. Be7 Rd7 39. Bc5 Kxh4 40. Kf4 Rd1 41. a3 Kh5 42. Kf5 Rf1+ 43. Ke5 Kg4
44. Kd5 Re1 45. Bd6 Re2 46. Bc7 Rc2 47. Bd6 Kf3 48. e5 Kg4 49. Bb4 Kf5 50.
a4 Re2 51. Bc3 Re3 52. Bb2 Rb3 53. Bd4 Ra3 0-1

[Event "6th EICC"]
[Site "Warsaw POL"]
[Date "2005.06.30"]
[Round "12"]
[White "Urban,K"]
[Black "Petrosian,TL"]
[Result "0-1"]
[WhiteElo "2497"]
[BlackElo "2599"]
[EventDate "2005.06.18"]

1. d4 Nf6 2. c4 g6 3. Nf3 Bg7 4. g3 O-O 5. Bg2 d6 6. Nc3 Nc6 7. O-O a6 8.
h3 Rb8 9. e4 b5 10. cxb5 axb5 11. Re1 b4 12. Nd5 Nxd5 13. exd5 Na5 14. Bg5
Re8 15. Rc1 Rb5 16. Nh2 b3 17. Bd2 bxa2 18. Qa4 c6 19. b4 a1=Q 20. Rxa1 Nc4
21. dxc6 Qb6 22. Bc3 d5 23. Qa7 Be6 24. Ra6 Qxa7 25. Rxa7 Rb6 26. Nf3 Nd6
27. Bf1 Rxc6 28. Bd2 Nc4 29. Bg5 f6 30. Bf4 Kf7 31. b5 Rb6 32. Ra6 Rc8 33.
Nd2 g5 34. Nxc4 Rxa6 35. bxa6 dxc4 36. a7 gxf4 37. Bg2 fxg3 38. fxg3 f5 39.
Rd1 c3 40. a8=Q Rxa8 41. Bxa8 Bxd4+ 42. Kf1 Be3 0-1

[Event "6th EICC"]
[Site "Warsaw POL"]
[Date "2005.06.30"]
[Round "12"]
[White "Pavasovic,D"]
[Black "Del Rio Angelis,S"]
[Result "0-1"]
[WhiteElo "2593"]
[BlackElo "2495"]
[EventDate "2005.06.18"]

1. e4 c5 2. c3 g6 3. d4 cxd4 4. cxd4 d5 5. Nc3 dxe4 6. Bc4 Nf6 7. Qb3 e6 8.
d5 Qb6 9. Bb5+ Bd7 10. Be3 Bc5 11. Bxc5 Qxc5 12. dxe6 fxe6 13. Qxe6+ Qe7
14. Qb3 a6 15. Bxd7+ Nbxd7 16. O-O-O Nc5 17. Qc2 O-O 18. f3 Rac8 19. Kb1 b5
20. Nh3 exf3 21. gxf3 Qe3 22. Qg2 Nd3 23. Qd2 Qxd2 24. Rxd2 Ne5 25. f4 Nc4
26. Rd4 Rfe8 27. f5 gxf5 28. Rg1+ Kf8 29. Nf4 Kf7 30. b3 Ne5 31. Rg3 Ng6
32. Ncd5 Nxd5 33. Rxd5 Re1+ 34. Kb2 Ne7 35. Rd7 Rc6 36. Ra7 b4 37. a3 Rec1
38. Rg2 bxa3+ 39. Kxa3 Rc7 40. Rxa6 Ra1+ 41. Ra2 Rxa2+ 42. Kxa2 Rc2+ 43.
Kb1 Rxh2 44. b4 Rh4 45. Nd3 Nd5 46. Ra7+ Kf6 47. Kc2 Nxb4+ 48. Nxb4 Rxb4
49. Rxh7 Rd4 50. Rh1 Rd7 51. Rf1 Kg5 52. Rg1+ Kh4 53. Rf1 Kg4 54. Rg1+ Kh3
55. Rf1 Rd5 56. Kc3 Kg2 57. Kc4 Re5 58. Rb1 f4 59. Kd3 Re7 60. Rb2+ Kg3 61.
Rb8 f3 62. Rg8+ Kf2 63. Kd2 Rd7+ 64. Kc2 Ke2 65. Re8+ Kf1 66. Rf8 f2 67.
Rf6 Kg2 0-1

[Event "6th EICC"]
[Site "Warsaw POL"]
[Date "2005.06.30"]
[Round "12"]
[White "Kozul,Z"]
[Black "Iljin,A"]
[Result "0-1"]
[WhiteElo "2591"]
[BlackElo "2484"]
[EventDate "2005.06.18"]

1. Nf3 Nf6 2. g3 g6 3. d4 Bg7 4. Bg2 O-O 5. c4 d5 6. O-O dxc4 7. Na3 c3 8.
bxc3 c5 9. e3 Nc6 10. Qe2 Qa5 11. Bb2 Bf5 12. Rfd1 Rfd8 13. Nd2 cxd4 14.
cxd4 Bg4 15. f3 Be6 16. Nb3 Bxb3 17. axb3 Nd5 18. f4 Nc3 19. Bxc3 Qxc3 20.
Rab1 Rac8 21. Nc4 e6 22. Nd2 Qb4 23. Kf1 Ne7 24. Rdc1 b5 25. Bb7 Rxc1+ 26.
Rxc1 a5 27. Rc5 Nf5 28. Rxb5 Nxe3+ 29. Kf2 Qxd4 30. Nf3 Ng4+ 31. Kg2 Qc3
32. Ba6 e5 33. fxe5 Nxe5 34. Nxe5 Rd2 35. Rb8+ Bf8 36. Re8 Kg7 37. Kh3 Rxe2
38. Bxe2 Qe3 39. Bb5 Qxb3 40. Bc4 Qa4 41. Bxf7 Qa3 42. Kh4 Be7+ 0-1

[Event "6th EICC"]
[Site "Warsaw POL"]
[Date "2005.06.30"]
[Round "12"]
[White "Maze,S"]
[Black "Fedorchuk,S"]
[Result "1-0"]
[WhiteElo "2470"]
[BlackElo "2577"]
[EventDate "2005.06.18"]

1. e4 c5 2. Nf3 e6 3. c4 Nc6 4. Nc3 Nf6 5. Be2 Qb6 6. O-O Be7 7. a3 O-O 8.
b4 cxb4 9. axb4 Bxb4 10. e5 Bxc3 11. dxc3 Ne4 12. Bd3 f5 13. exf6 Nxf6 14.
Ba3 Re8 15. Bd6 Nd4 16. c5 Nxf3+ 17. Qxf3 Qc6 18. Qh3 b6 19. Be5 Re7 20.
Rfe1 Bb7 21. Re3 Qxc5 22. Ra4 Rf8 23. Rg4 Qa3 24. Re1 g6 25. Bxg6 hxg6 26.
Rxg6+ Rg7 27. Qh6 Qe7 28. Bxf6 Rxf6 29. Rxf6 Rxg2+ 30. Kf1 Qg7 31. Ke2 Bc6
32. Qxg7+ Kxg7 33. Rf4 1-0

[Event "6th EICC"]
[Site "Warsaw POL"]
[Date "2005.06.30"]
[Round "12"]
[White "Perunovic,Mil"]
[Black "Khmelniker,I"]
[Result "0-1"]
[WhiteElo "2549"]
[BlackElo "2458"]
[EventDate "2005.06.18"]

1. e4 e5 2. Nf3 Nc6 3. Bb5 a6 4. Ba4 Nf6 5. O-O Nxe4 6. d4 b5 7. Bb3 d5 8.
dxe5 Be6 9. Be3 Be7 10. c3 O-O 11. Nbd2 Qd7 12. Bc2 f5 13. exf6 Nxf6 14.
Qb1 Kh8 15. Re1 Bd6 16. Nb3 Bg4 17. Nfd4 Ne7 18. f3 c5 19. fxg4 cxd4 20.
Bxd4 Bxh2+ 21. Kh1 Qxg4 22. Re3 Bg3 23. Rxg3 Qxg3 24. Qe1 Qxe1+ 25. Rxe1
Nc6 26. Bc5 Rfe8 27. Rd1 Ne4 28. Rxd5 Nxc5 29. Rxc5 Ne5 30. Nd4 Ng4 31. Ne6
0-1

[Event "6th EICC"]
[Site "Warsaw POL"]
[Date "2005.06.30"]
[Round "12"]
[White "Sulskis,S"]
[Black "Moranda,W"]
[Result "1/2-1/2"]
[WhiteElo "2545"]
[BlackElo "2452"]
[EventDate "2005.06.18"]

1. Nf3 g6 2. e4 c5 3. d4 cxd4 4. Qxd4 Nf6 5. Bb5 a6 6. e5 axb5 7. exf6 e6
8. Nc3 Nc6 9. Qh4 b4 10. Ne2 h6 11. O-O Rg8 12. Ned4 g5 13. Qg3 d5 14. Nxc6
bxc6 15. Bf4 Qxf6 16. Bd6 Bb7 17. c3 bxc3 18. bxc3 Bxd6 19. Qxd6 Qe7 20.
Qg3 Kf8 21. Rab1 Ba6 22. Rfe1 Bb5 23. Qe5 f6 24. Qxe6 Qxe6 25. Rxe6 Kf7 26.
Rbe1 Rge8 27. Rxe8 Rxe8 28. Rxe8 Kxe8 29. Nd4 Kd7 30. f3 Bd3 31. Kf2 c5 32.
Nb3 Kc6 33. Ke3 Bb1 34. a3 Bc2 35. Nc1 Kb5 36. Kd2 Bg6 37. Nb3 Kc4 38. Na5+
Kb5 39. Nb3 Kc4 40. Na5+ Kb5 41. Nb3 1/2-1/2

[Event "6th EICC"]
[Site "Warsaw POL"]
[Date "2005.06.30"]
[Round "12"]
[White "Magalashvili,D"]
[Black "Winants,L"]
[Result "1-0"]
[WhiteElo "2445"]
[BlackElo "2535"]
[EventDate "2005.06.18"]

1. Nf3 c5 2. c4 Nc6 3. Nc3 e5 4. g3 g6 5. Bg2 Bg7 6. O-O d6 7. a3 Nge7 8.
d3 O-O 9. Rb1 a5 10. Ne1 Be6 11. Nc2 d5 12. cxd5 Nxd5 13. Ne3 Nde7 14. Bd2
Rc8 15. Nc4 h6 16. Nb5 b6 17. Ncd6 Rb8 18. b4 axb4 19. axb4 Nxb4 20. Bxb4
cxb4 21. Rxb4 Qd7 22. Qd2 Nc6 23. Rbb1 Na5 24. Qe3 Nb3 25. Rb2 Nd4 26. Rfb1
Nxb5 27. Nxb5 Rfc8 28. Qd2 Rc5 29. h4 f5 30. Na3 Qd8 31. Qe3 Qd6 32. Rb4
Kh7 33. Nb5 Qd7 34. d4 exd4 35. Nxd4 Bc4 36. Nb3 Re5 37. Qd4 Qxd4 38. Nxd4
Rc5 39. Nc6 Re8 40. Rxb6 Bxe2 41. Rb7 Rc8 42. Re1 Rc2 43. Ra1 Rb2 44. Re7
Bc4 45. Raa7 Rg8 46. Ne5 Bb3 47. g4 Rd2 48. h5 fxg4 49. hxg6+ Kh8 50. Nxg4
Rd1+ 51. Kh2 Rd6 52. Nxh6 Rxg6 53. Nxg8 Bxg8 54. Re3 Rh6+ 55. Rh3 Rxh3+ 56.
Bxh3 Bd4 57. Ra8 Kg7 58. Kg3 Bf7 59. Ra4 Bc3 60. Bg4 Kf6 61. Ra6+ Kg7 62.
Bf5 Be5+ 63. Kg4 Bc3 64. f3 Bf6 65. Ra7 Kg8 66. Be4 Kf8 67. Kf5 Bc3 68. Rc7
Bb2 69. Rd7 Bc3 70. Bd5 Bh5 71. Rc7 Bb2 72. Ke6 Bd4 73. Be4 Kg8 74. f4 Bb2
75. f5 Bd1 76. Rb7 Bd4 77. f6 Bg4+ 78. Bf5 1-0

[Event "6th EICC"]
[Site "Warsaw POL"]
[Date "2005.06.30"]
[Round "12"]
[White "Loeffler,S"]
[Black "Bagheri,A"]
[Result "0-1"]
[WhiteElo "2429"]
[BlackElo "2518"]
[EventDate "2005.06.18"]

1. d4 Nf6 2. Nf3 e6 3. g3 b5 4. Bg2 Bb7 5. O-O Be7 6. Bg5 d5 7. Ne5 O-O 8.
Nd2 h6 9. Bxf6 Bxf6 10. e4 c5 11. c3 cxd4 12. cxd4 Bxe5 13. dxe5 d4 14. f4
Nc6 15. Qh5 d3 16. g4 Nd4 17. Kh1 Rc8 18. g5 Rc2 19. Rad1 hxg5 20. fxg5 g6
21. Qh6 Qc7 22. Rf6 Rxd2 23. Rdf1 Nf5 24. exf5 0-1

[Event "6th EICC"]
[Site "Warsaw POL"]
[Date "2005.06.30"]
[Round "12"]
[White "Mamedov,Rau"]
[Black "Olszewski,Mi"]
[Result "1-0"]
[WhiteElo "2511"]
[BlackElo "2387"]
[EventDate "2005.06.18"]

1. e4 e5 2. Nf3 Nc6 3. Bc4 Nf6 4. d3 Be7 5. O-O O-O 6. Bb3 d6 7. c3 h6 8.
Re1 Nh7 9. h3 Ng5 10. Na3 Kh8 11. Bxg5 Bxg5 12. d4 Qf6 13. Nb5 Qe7 14. Nxg5
hxg5 15. Qh5+ Kg8 16. Rad1 Nd8 17. Na3 a5 18. Nc4 a4 19. Bc2 Ne6 20. g3 f6
21. Ne3 Qf7 22. Qf3 g6 23. b4 axb3 24. Bxb3 Kg7 25. Kg2 Rh8 26. Rh1 Bd7 27.
Nd5 Qf8 28. Qe3 Ra3 29. Qc1 Ra8 30. Rd3 Qd8 31. Qd2 Ra6 32. Qe3 Qc8 33. Kg1
b5 34. Qf3 Qd8 35. Rd1 Ra3 36. Kg2 Rh7 37. Qe3 Qh8 38. dxe5 fxe5 39. Nxc7
Nxc7 40. Rxd6 Qe8 41. Qxg5 b4 42. Qf6+ Kh6 43. h4 Bg4 44. h5 Bxh5 45. Rxh5+
Kxh5 46. Qh4+ 1-0

[Event "6th EICC"]
[Site "Warsaw POL"]
[Date "2005.06.30"]
[Round "12"]
[White "Frolyanov,D"]
[Black "Leniart,A"]
[Result "1/2-1/2"]
[WhiteElo "2505"]
[BlackElo "2279"]
[EventDate "2005.06.18"]

1. e4 e6 2. d4 d5 3. Nc3 Bb4 4. e5 Ne7 5. Qg4 c5 6. dxc5 Nbc6 7. Bd2 O-O 8.
O-O-O b6 9. Nf3 bxc5 10. Bd3 Ng6 11. Qh5 Bxc3 12. Bxc3 Qc7 13. h4 d4 14.
Bd2 c4 15. Ng5 h6 16. Bxg6 fxg6 17. Qxg6 hxg5 18. hxg5 c3 19. Bxc3 dxc3 20.
Rh8+ Kxh8 21. Qh5+ Kg8 22. g6 Rf7 23. Qh7+ Kf8 24. Qh8+ Ke7 25. gxf7 Kxf7
26. Qh5+ Kf8 27. Qh8+ Kf7 28. Qh5+ Kf8 1/2-1/2

[Event "6th EICC"]
[Site "Warsaw POL"]
[Date "2005.06.30"]
[Round "12"]
[White "Hulak,K"]
[Black "Galazewski,T"]
[Result "1-0"]
[WhiteElo "2534"]
[BlackElo "2137"]
[EventDate "2005.06.18"]

1. d4 Nf6 2. c4 e6 3. g3 Bb4+ 4. Bd2 c5 5. Bxb4 cxb4 6. Bg2 O-O 7. Nd2 d5
8. Ngf3 Nc6 9. O-O a5 10. Rc1 a4 11. e3 dxc4 12. Nxc4 Bd7 13. Qe2 Na5 14.
Nce5 Qb6 15. Rc5 Rfc8 16. Rfc1 Rxc5 17. Rxc5 a3 18. bxa3 bxa3 19. Nxd7 Nxd7
20. Qb5 Nc6 21. Nd2 Qa5 22. Qxa5 Rxa5 23. Rxa5 Nxa5 24. Bf1 Nb6 25. Nb1
Nbc4 26. Nc3 Kf8 27. Bxc4 Nxc4 28. Kf1 f5 29. Ke2 g5 30. Kd3 Nd6 31. Kc2 g4
32. Kb3 Ke7 33. Kxa3 Kd7 34. Kb3 Kc6 35. Kc2 h5 36. Kd3 b5 37. e4 b4 38. e5
Nb7 39. Ne2 Kb5 40. Nf4 Nd8 41. d5 exd5 42. e6 1-0

[Event "6th EICC"]
[Site "Warsaw POL"]
[Date "2005.06.30"]
[Round "12"]
[White "Lagowski,P"]
[Black "Zaja,I"]
[Result "0-1"]
[WhiteElo "2393"]
[BlackElo "2489"]
[EventDate "2005.06.18"]

1. d4 Nf6 2. c4 e6 3. Nf3 b6 4. g3 Bb7 5. Bg2 Be7 6. O-O O-O 7. Nc3 Ne4 8.
Bd2 f5 9. d5 Bf6 10. Rc1 Na6 11. Ne1 Nac5 12. Nd3 Nxd3 13. exd3 Nxd2 14.
Qxd2 e5 15. d6 c6 16. b4 Qb8 17. c5 bxc5 18. bxc5 Ba6 19. Rfd1 Qd8 20. Rb1
Rb8 21. Rxb8 Qxb8 22. Rb1 Qd8 23. Rb3 Qa5 24. Ne4 Qxd2 25. Nxd2 Bb5 26. Bh3
g6 27. g4 a5 28. gxf5 a4 29. Rb4 gxf5 30. Bxf5 Bg5 31. Rg4 Rxf5 32. h4 Bxd3
33. hxg5 Kf7 34. Rxa4 Rxg5+ 35. Kh2 Ke6 36. f3 Kd5 37. Ra7 Rg7 38. Ra3 Bf5
39. Re3 Rg8 40. Nb3 Bc2 41. Nc1 Kd4 42. Re2 Bf5 43. Nb3+ Kd5 44. Rd2+ Kc4
45. Re2 Re8 46. Kg3 Bd3 47. Re3 Bc2 48. Nd2+ Kd4 49. Re1 Ra8 50. f4 Rg8+
51. Kf3 exf4 52. Re7 Kxc5 53. Rxd7 Rg6 54. Rxh7 Rxd6 55. Rh2 Rd4 56. Kg4
Kb4 57. Rf2 Kc3 58. Nf3 Bd1 59. Kf5 Bxf3 60. Rxf3+ Rd3 61. Rxf4 c5 62. a4
c4 63. Ke5 Kb3 64. a5 c3 65. a6 c2 66. a7 Rd8 67. Rf3+ Kb2 0-1

[Event "6th EICC"]
[Site "Warsaw POL"]
[Date "2005.06.30"]
[Round "12"]
[White "Kovchan,A"]
[Black "Kuljasevic,D"]
[Result "1-0"]
[WhiteElo "2488"]
[BlackElo "2408"]
[EventDate "2005.06.18"]

1. e4 c5 2. Nf3 Nc6 3. d4 cxd4 4. Nxd4 Nf6 5. Nc3 e5 6. Ndb5 d6 7. a4 a6 8.
Na3 Bg4 9. f3 Be6 10. Nc4 Rc8 11. Be3 Nb4 12. Nb6 Rc6 13. Nbd5 Nfxd5 14.
exd5 Rxc3 15. bxc3 Nxd5 16. Bd2 Nb6 17. Bd3 d5 18. O-O Bc5+ 19. Kh1 O-O 20.
Qe2 Qc7 21. a5 Nd7 22. c4 Bd4 23. cxd5 Bxd5 24. c3 Ba7 25. Bxh7+ Kxh7 26.
Qd3+ Kg8 27. Qxd5 Nf6 28. Qd3 Bb8 29. g3 Qc6 30. Rae1 Bc7 31. Bg5 Nh7 32.
Be7 Re8 33. Bb4 Nf6 34. c4 Rd8 35. Qe2 Rd4 36. Bd2 e4 37. Bc3 exf3 38. Qxf3
Rxc4 39. Qxc6 Rxc6 40. Bd2 Rc2 41. Rc1 Rxd2 42. Rxc7 Ra2 43. Rf5 Rb2 44.
Kg1 Kh7 45. Rf2 Rb5 46. Rxf7 Kg8 47. Re7 Nd5 48. Re8+ Kh7 49. Re5 Rxa5 50.
Kg2 b6 51. Rd2 Nb4 52. Rxa5 bxa5 53. Rd4 Kg6 54. Rf4 1-0

[Event "6th EICC"]
[Site "Warsaw POL"]
[Date "2005.06.30"]
[Round "12"]
[White "Zawadzka,J"]
[Black "Lopez Martinez,J"]
[Result "0-1"]
[WhiteElo "2383"]
[BlackElo "2488"]
[EventDate "2005.06.18"]

1. e4 e6 2. d4 d5 3. Nc3 Bb4 4. e5 b6 5. a3 Bf8 6. Nf3 Qd7 7. Bb5 c6 8. Ba4
Ba6 9. Ne2 Bb5 10. Bb3 a5 11. c3 Ne7 12. O-O h6 13. Re1 a4 14. Bc2 Qa7 15.
Ng3 Nd7 16. Nd2 Qa6 17. f4 g6 18. Qf3 h5 19. h4 c5 20. dxc5 Nxc5 21. Qf2
Bd3 22. Nf3 Bxc2 23. Qxc2 Nc6 24. Be3 Rc8 25. Rad1 Nb3 26. Kh2 Be7 27. Qf2
Nc5 28. Qc2 Kf8 29. Kh3 Qc4 30. Nd4 Nxd4 31. Rxd4 Qa6 32. Rdd1 Qb5 33. Rf1
Qe8 34. Ne2 Kg7 35. Nd4 Ne4 36. Nf3 Qb5 37. Nd2 Qe2 38. Rf3 Bc5 39. Bxc5
bxc5 40. Kh2 Nf2 41. Rg1 Rb8 42. Qc1 Nd3 43. Qd1 Qxd1 44. Rxd1 Nxb2 45. Rc1
c4 46. Rff1 Rb6 47. Kg3 Rhb8 48. Kf3 f6 49. exf6+ Kxf6 50. Ke3 Nd3 51. Rb1
Rxb1 52. Rxb1 Rxb1 53. Nxb1 Kf5 54. Nd2 Nxf4 55. g3 Nd3 56. Nf3 e5 57. Nh2
Nc5 0-1

[Event "6th EICC"]
[Site "Warsaw POL"]
[Date "2005.06.30"]
[Round "12"]
[White "Tzermiadianos,And"]
[Black "Babujian,L"]
[Result "1-0"]
[WhiteElo "2453"]
[BlackElo "2386"]
[EventDate "2005.06.18"]

1. e4 e5 2. Nf3 Nc6 3. Bb5 Nf6 4. O-O Nxe4 5. Re1 Nd6 6. Nxe5 Nxe5 7. Rxe5+
Be7 8. Bf1 O-O 9. d4 Bf6 10. Re1 Nf5 11. d5 d6 12. Nd2 Re8 13. Ne4 Bd7 14.
c3 a5 15. a4 Nh4 16. g3 Ng6 17. f4 Be7 18. Be3 Bf8 19. Bf2 Bf5 20. Bg2 Qc8
21. Qb3 Ne7 22. Rad1 Qd7 23. c4 b6 24. Ng5 h6 25. Nf3 Bg4 26. Rc1 g6 27.
Nd4 Bg7 28. Nb5 Rac8 29. Qc2 Bh3 30. b3 h5 31. Bxh3 Qxh3 32. Qe4 h4 33. Qg2
Qf5 34. Re4 hxg3 35. hxg3 Qg4 36. Rce1 Kf8 37. Qf1 Bf6 38. Qe2 Qh3 39. g4
g5 40. Re3 Qh6 41. f5 Kg7 42. Qf3 Be5 43. Rxe5 dxe5 44. Rxe5 Kf8 45. Bg3
Qh3 46. Kf2 Qh6 47. Re6 Qh8 48. Nxc7 Qd4+ 49. Kg2 Red8 50. Re2 Qf6 51. Be5
Qh6 52. Ne6+ Kg8 53. Nxd8 Rxd8 54. Re1 f6 55. Bc7 Rd7 56. d6 Nc6 57. Qxc6
Qh4 58. Re8+ 1-0

[Event "6th EICC"]
[Site "Warsaw POL"]
[Date "2005.06.30"]
[Round "12"]
[White "Atakisi,U"]
[Black "Asauskas,H"]
[Result "1/2-1/2"]
[WhiteElo "2439"]
[BlackElo "2357"]
[EventDate "2005.06.18"]

1. e4 c5 2. Nf3 d6 3. d4 cxd4 4. Nxd4 Nf6 5. Nc3 g6 6. Be3 Bg7 7. f3 O-O 8.
Qd2 Nc6 9. O-O-O d5 10. exd5 Nxd5 11. Nxc6 bxc6 12. Bd4 Nxc3 13. Qxc3 Bh6+
14. Be3 Bxe3+ 15. Qxe3 Qb6 16. Qxe7 Be6 17. Qa3 Rad8 18. Bd3 Rd5 19. Qc3
Rc5 20. Qf6 Bxa2 21. Rhe1 Qa5 22. Re4 Bb3 23. Rde1 Qa1+ 24. Kd2 Qa5+ 25.
Kc1 Qa1+ 26. Kd2 Qa5+ 27. Kd1 Bxc2+ 28. Bxc2 Rd8+ 29. Rd4 Qa1+ 30. Kd2
Rxd4+ 31. Qxd4 Rxc2+ 32. Kxc2 Qxe1 33. Qxa7 Qe2+ 34. Kc3 Qe5+ 35. Kc2 Qxh2
36. Qa8+ Kg7 37. Qxc6 Qxg2+ 38. Kc3 h5 39. Qd5 Qg3 40. Qd4+ f6 41. Qa7+ Kh6
42. Qe3+ Qg5 43. f4 Qa5+ 44. Kc4 Qa6+ 45. Kc3 Qc6+ 46. Kd3 Qd7+ 47. Kc3 h4
48. b4 Kh5 49. Qf3+ Qg4 50. Qd5+ f5 51. b5 Qxf4 52. Qd3 Qg4 53. b6 Qg2 54.
Qd1+ Kg5 55. Qd8+ Kg4 56. Qd1+ Kg5 57. Qd8+ Kg4 58. Qd1+ Kg5 1/2-1/2

[Event "6th EICC"]
[Site "Warsaw POL"]
[Date "2005.06.30"]
[Round "12"]
[White "Bakalarz,M"]
[Black "Citak,S"]
[Result "1-0"]
[WhiteElo "2408"]
[BlackElo "2351"]
[EventDate "2005.06.18"]

1. e4 e5 2. Nf3 Nf6 3. Nc3 Nc6 4. d4 Bb4 5. Nxe5 Nxe4 6. Qg4 Nxc3 7. Qxg7
Rf8 8. a3 Nxd4 9. axb4 Nxc2+ 10. Kd2 Nxa1 11. Kxc3 a5 12. bxa5 c5 13. Nc4
Ra6 14. Bh6 Rxh6 15. Qxh6 d5 16. Nd6+ Kd7 17. Bb5+ Kc7 18. Nxc8 Kxc8 19.
Rxa1 Qe7 20. a6 Qe5+ 21. Kc2 Qf5+ 22. Kc1 1-0

[Event "6th EICC"]
[Site "Warsaw POL"]
[Date "2005.06.30"]
[Round "12"]
[White "Tazbir,M"]
[Black "Sergeev,Vl"]
[Result "1/2-1/2"]
[WhiteElo "2322"]
[BlackElo "2458"]
[EventDate "2005.06.18"]

1. e4 Nf6 2. e5 Nd5 3. d4 d6 4. c4 Nb6 5. exd6 exd6 6. Nc3 Be7 7. Bd3 Nc6
8. Nge2 Nb4 9. Bb1 a5 10. b3 Bg4 11. f3 Bh5 12. O-O Bg6 13. a3 Na6 14. Nf4
c6 15. Re1 O-O 16. Be3 Re8 17. Nxg6 hxg6 18. Bd3 Bh4 19. g3 Bf6 20. Bf2
Rxe1+ 21. Qxe1 d5 22. c5 Nd7 23. Na4 Nc7 24. Bf1 Ne6 25. Rd1 b6 26. cxb6
Nxb6 27. Nc5 Nxc5 28. dxc5 Nd7 29. Qd2 Ne5 30. Be2 g5 31. Kg2 Qb8 32. Rb1
Qc8 33. Qc2 Ra7 34. b4 axb4 35. axb4 Qa8 36. Qd1 Ra2 37. b5 cxb5 38. Rxb5
g6 39. Rb6 Bg7 40. Rd6 Kh7 41. Bd3 Rb2 42. Ra6 Qe8 43. Rb6 Ra2 44. Bb1 Ra3
45. Qxd5 Rxf3 46. Be4 Rc3 47. Rb3 Rxb3 48. Qxb3 Ng4 49. Qd3 Nxf2 50. Kxf2
f5 51. Bf3 g4 52. Be2 Qa4 53. Bd1 Qb4 54. Bb3 Qxc5+ 55. Kg2 Qc6+ 56. Bd5
Qc1 57. Qe2 Qc5 58. Qd3 Bd4 59. Qc4 Qb6 60. Qe2 Qb4 61. h3 Qc5 62. Qc4 Qb6
63. Qe2 gxh3+ 64. Kxh3 Bg7 65. Qe7 Qd4 66. Qh4+ Qxh4+ 67. Kxh4 Bf6+ 68. Kh3
g5 69. g4 1/2-1/2

[Event "6th EICC"]
[Site "Warsaw POL"]
[Date "2005.06.30"]
[Round "12"]
[White "Neubauer,M"]
[Black "Maier,C"]
[Result "0-1"]
[WhiteElo "2457"]
[BlackElo "2387"]
[EventDate "2005.06.18"]

1. c4 e5 2. Nc3 Nc6 3. Nf3 Bb4 4. Nd5 e4 5. Nd4 Nxd4 6. Nxb4 Nf6 7. e3 Nc6
8. Nxc6 dxc6 9. d4 Qe7 10. Bd2 Bf5 11. Be2 O-O-O 12. Qa4 Kb8 13. b4 h5 14.
h3 g5 15. O-O-O h4 16. Kb2 g4 17. Rc1 Rhg8 18. Rc3 gxh3 19. gxh3 Rg2 20.
Be1 Bc8 21. b5 cxb5 22. cxb5 Nd5 23. Ra3 a6 24. bxa6 Rd6 25. axb7 Rb6+ 26.
Ka1 Bxb7 27. Qa7+ Kc8 28. Bg4+ Rxg4 29. hxg4 Qf6 30. Qa4 Rc6 31. Qd1 Ba6
32. Rh3 Bf1 33. g5 Qxg5 34. f4 Qg2 35. Rxh4 Bd3 36. Rh8+ Kd7 37. Qd2 Rc2
38. Qxg2 Rc1+ 0-1

[Event "6th EICC"]
[Site "Warsaw POL"]
[Date "2005.06.30"]
[Round "12"]
[White "Dworakowska,J"]
[Black "Szoen,D"]
[Result "0-1"]
[WhiteElo "2383"]
[BlackElo "2444"]
[EventDate "2005.06.18"]

1. e4 c5 2. Nf3 d6 3. d4 cxd4 4. Nxd4 Nf6 5. Nc3 a6 6. Be3 e5 7. Nf3 Qc7 8.
a4 b6 9. Nd5 Nxd5 10. Qxd5 Nc6 11. Qb3 Rb8 12. Nd2 Be6 13. Qc3 d5 14. exd5
Bxd5 15. Bxa6 Bb4 16. Qd3 Rd8 17. Qf1 Bxd2+ 18. Bxd2 Nd4 19. Bd3 e4 20.
Bb5+ Ke7 21. f4 Nxc2+ 22. Kf2 Qc5+ 23. Kg3 Nxa1 24. Qxa1 Bc4 25. Qe1 Rd3+
26. Kh4 Qd5 27. Bb4+ Kf6 28. Bc3+ Kg6 29. g4 h6 30. f5+ Kh7 31. Bxc4 Qd8+
32. f6 g5+ 0-1

[Event "6th EICC"]
[Site "Warsaw POL"]
[Date "2005.06.30"]
[Round "12"]
[White "Thorfinnsson,Br"]
[Black "Mazi,L"]
[Result "1/2-1/2"]
[WhiteElo "2442"]
[BlackElo "2365"]
[EventDate "2005.06.18"]

1. d4 d5 2. c4 dxc4 3. e3 Nf6 4. Bxc4 e6 5. Nf3 a6 6. Bb3 c5 7. O-O b5 8.
a4 b4 9. a5 Be7 10. Qe2 O-O 11. Rd1 Nc6 12. dxc5 Qc7 13. e4 Nxa5 14. Bc2
Nb7 15. c6 Nc5 16. Nbd2 Qxc6 17. e5 Nfd7 18. Nc4 Bb7 19. Na5 Qc7 20. Nxb7
Qxb7 21. Bg5 Nb6 22. Rd4 b3 23. Bb1 Rfd8 24. Rb4 Bxg5 25. Nxg5 h6 26. Ne4
Qc6 27. h3 Rd7 28. Nd6 f5 29. Bd3 a5 30. Rb5 Nxd3 31. Qxd3 a4 32. Rd1 Nd5
33. Qd4 Rdd8 34. Rc5 Qa6 35. Ra1 Qa7 36. Qc4 Qa6 37. Qd4 Qa7 38. Qc4 Qa6
39. Qd4 Ne7 40. Rc7 Nd5 41. Rc4 Qb6 42. Raxa4 Rxa4 43. Rxa4 Qxd4 44. Rxd4
Ra8 45. Rd3 Ra1+ 46. Kh2 Re1 47. Rxb3 Rxe5 48. Rb8+ Kh7 49. b4 Re2 50. b5
Rxf2 51. b6 Nxb6 52. Rxb6 Kg6 53. Nb7 Kf6 54. Nc5 Re2 55. Kg3 Re3+ 56. Kf4
Re1 57. Nd7+ Ke7 58. Rb7 g5+ 59. Kf3 Rc1 60. Nb8+ Kf6 61. Rb3 h5 62. Nd7+
Ke7 63. Ne5 Kf6 64. Nd3 Rc2 65. Rb2 g4+ 66. hxg4 hxg4+ 67. Ke3 Rc4 68. Rb6
Re4+ 69. Kf2 f4 70. Rb4 Rxb4 71. Nxb4 Kf5 72. Nc6 Ke4 73. Ne7 e5 74. Ng6
g3+ 75. Ke2 Kf5 76. Ne7+ Kg4 77. Nc6 e4 78. Nd4 Kg5 79. Ne6+ Kf5 80. Nc5
Ke5 81. Nb3 Kd5 82. Nd2 Kd4 83. Nb3+ Kd5 84. Nd2 Ke5 85. Nb3 Kf6 86. Nd2
Kf5 87. Nc4 1/2-1/2